Granadilla (Registro nro. 56188)

Detalles MARC
000 -LEADER
campo de control de longitud fija 00537nam a2200157 i 4500
001 - NÚMERO DE CONTROL
campo de control 56188
003 - IDENTIFICADOR DE NÚMERO DE CONTROL
campo de control ES-MaACL
005 - FECHA Y HORA DE LA ÚLTIMA TRANSACCIÓN
campo de control 20230906163314.0
007 - CAMPO FIJO DE DESCRIPCIÓN FÍSICA--INFORMACIÓN GENERAL
campo de control de longitud fija t|
008 - DATOS DE LONGITUD FIJA--INFORMACIÓN GENERAL
campo de control de longitud fija 031006s1982 sp ||||1| spa d
100 1# - ENTRADA PRINCIPAL--NOMBRE DE PERSONA
Nombre de persona Díaz Rodríguez, María del Carmen.
9 (RLIN) 44412
245 10 - MENCIÓN DEL TÍTULO
Título Granadilla
Resto del título : reactivación y economía del sur de Tenerife /
Mención de responsabilidad, etc. María del Carmen Díaz Rodríguez.
260 ## - PUBLICACIÓN, DISTRIBUCIÓN, ETC.
Lugar de publicación, distribución, etc. [Santa Cruz de Tenerife] :
Nombre del editor, distribuidor, etc. Cabildo Insular de Tenerife,
Fecha de publicación, distribución, etc. 1982.
300 ## - DESCRIPCIÓN FÍSICA
Extensión 164 p., 4 lám. ;
Dimensiones 23 cm.
852 ## - LOCALIZACIÓN
Ubicación ES-MaACL
Número de control de estantería L-3095
Sublocalización o colección R.103907
Existencias
Estatus retirado Estado de pérdida Estado de daño No para préstamo Biblioteca de origen Biblioteca actual Ubicación en estantería Fecha de adquisición Fuente de adquisición Total de préstamos Signatura topográfica completa Código de barras Visto por última vez Precio de reemplazo Tipo de ítem Koha
        Biblioteca del Ateneo de Madrid Biblioteca del Ateneo de Madrid Depósito 2 17/01/2008     L-3095 1059017 23/02/2023 23/02/2023 Libro impreso